000 00972cam a22002771 4500
001 28360
003 BD-RjUL
005 20211209051255.0
008 140330s1925 enkabce b 001 0 engs
035 _a(BD-RjUL)28441
035 _a(OCoLC)1351957
040 _aDLC
_cOCU
_dOCoLC
_dDLC
_beng
041 _aeng
245 0 0 _aEssays in medieval history presented to Thomas Frederick Tout /
_cedited by A. G. Little and F. M. Powicke.
260 _aManchester :
_bPrinted for the subscribers,
_c1925.
300 _ax, 432 p. :
_bill. ;
_c27 cm.
504 _aIncludes bibliographical references and index.
650 0 _aMiddle Ages.
_986853
651 0 _aGreat Britain
_xHistory
_yTo 1485.
_986854
700 1 _aLittle, A. G.
_q(Andrew George),
_d1863-1945,
_eed.
_986855
700 1 _aPowicke, F. M.
_q(Frederick Maurice),
_d1879-1963,
_eed.
_9557
700 1 _aTout, Thomas Frederick,
_d1855-1929.
_986857
942 _2ddc
_cBK
999 _c28360
_d28360